| 000 | 00448nam a22001817a 4500 | ||
|---|---|---|---|
| 003 | koha_MIRAKIL | ||
| 005 | 20231213095452.0 | ||
| 008 | 231213b |||||||| |||| 00| 0 ||| d | ||
| 020 | _b978-9-75220169-9 | ||
| 040 |
_aTR-IsEVY _btur _cTR-IsEVY |
||
| 082 | _a828.33 HEM/Ç | ||
| 100 | _aHEMINGWAY, ERNEST. | ||
| 245 | 0 | _aÇANLAR KİMİN İÇİN ÇALIYOR. | |
| 260 |
_bBilgi, _c2012 |
||
| 300 | _a496. | ||
| 650 | _aEdebiyat. | ||
| 942 |
_2ddc _cBK |
||
| 999 |
_c4139 _d4139 |
||